00572nam a2200169Ia 450000500170000000800410001708200130005810000190007124501090009026000490019930000120024865000120026065000120027294200060028495200970029099900150038720250217060540.0240331s9999 xx 000 0 und d bARAa954 aArasaratnam, S 0aHistorical foundation of the economy of the tamils of north Sri Lanka :bchelvanayagam memorial lectures aJaffnabThanthai Chelva Memorial Trustc1982 a44 p ., aHistory aEconomy cL 001040708LaWERCLbWERCLcSSCd2024-03-31l0o 954.93 ARAp753r2024-03-31w2024-03-31yL c3531d3531